Statistics for Greenest Countries in the World (2016)

Click here to take the quiz!

General Stats

  • This quiz has been taken 730 times
  • The average score is 24 of 30

Answer Stats

#Country% Correct
3Sweden
94%
17Norway
93%
12United Kingdom
93%
25Canada
92%
30Germany
92%
1Finland
90%
10France
90%
6Spain
90%
4Denmark
88%
16Switzerland
88%
26United States
88%
2Iceland
87%
29Italy
87%
7Portugal
87%
13Australia
84%
11New Zealand
84%
18Austria
83%
19Ireland
83%
21Greece
77%
27Czech Republic
76%
24Slovakia
75%
5Slovenia
75%
8Estonia
74%
20Luxembourg
74%
28Hungary
71%
22Latvia
71%
23Lithuania
70%
15Croatia
65%
14Singapore
55%
9Malta
50%

Score Distribution

Percentile by Number Answered

Percent of People with Each Score

Your Score History

You have not taken this quiz